000 00724cam a2200265 4500500
005 20260405003309.0
041 _afre
042 _adc
100 1 0 _aLarmagnac-Matheron, Octave
_eauthor
245 0 0 _aPas de ruissellement pour Joe Biden
260 _c2021.
500 _a16
690 _aArgent
690 _aBernard Mandeville
690 _aÉconomie
690 _aÉtat
690 _aÉtats-Unis
690 _aImpôt
690 _aJoe Biden
690 _aKeynes
690 _aRiches
690 _aUSA
786 0 _nPhilosophie magazine | 150 | 6 | 2021-06-01 | p. 11-13 | 1951-1787
856 4 1 _uhttps://shs.cairn.info/magazine-philosophie-magazine-2021-6-page-11?lang=fr&redirect-ssocas=7080
999 _c2066232
_d2066232